18_福井県の市町村(ひらがな対応・五十音順) - Statistics

General Stats
  • This quiz has been taken 56 times
  • The average score is 15 of 17
Answer Stats
種類 市町村名 % Correct
越前市
100%
越前町
100%
福井市
100%
小浜市
97%
若狭町
97%
敦賀市
95%
あわら市
92%
鯖江市
92%
おおい町
89%
大野市
89%
南越前町
89%
美浜町
89%
永平寺町
87%
高浜町
87%
池田町
79%
勝山市
79%
坂井市
79%
No matching quizzes found
Score Distribution
Percent of People with Each Score
Percentile by Number Answered
Your Score History
You have not taken this quiz